Sikeres koncertek a Mediawave lezárult, a zenei napok tovább tartanak

Bibliographic Details
Main Author: Józan, Mónika (Author)
Format: Article
Language:Hungarian
PhysicalDescription:Fotogr.
Subjects:

MARC

LEADER 00000nab a2200000 ar4500
001 vtls008961478
003 SK-MaSNL
005 20260319071324.0
008 070316c20060502xo |||||||| 000 b|hun
015 |a SNBRB2006/07  |2 snkbucl 
038 |a SNKBUCL 
040 |a DSZK  |b slo  |c DSZK  |e AACR2 
041 0 |a hun 
044 |a xo  |c SK 
080 |a 791.43.079  |2 1997 
080 |a 78.079  |2 1997 
100 1 |a Józan, Mónika  |4 aut  |9 870634 
245 1 0 |a Sikeres koncertek  |b a Mediawave lezárult, a zenei napok tovább tartanak  |c Józan Mónika 
300 |b Fotogr. 
611 2 7 |a Dunajskostredské hudobné dni  |n (15. :  |d 2006 :  |c Dunajská Streda, Slovensko)  |2 snkbucl  |9 1068422 
611 2 7 |a Mediawave  |n (16. :  |d 2006 :  |c Dunajská Streda, Slovensko)  |2 snkbucl  |9 1068423 
648 7 |a 2006  |2 snkbucl  |9 313148 
651 7 |a Dunajská Streda (Slovensko)  |2 snkbucl  |9 17375 
773 0 |t Új szó  |g Évf. 59, sz. 100 (2.5.2006), o. 6 
852 |a SNK  |b KIS3GCP 
852 |a DSZK  |b KIS3GCP 
958 |a HU 
958 |a SK 
999 |c 1756498  |d 1758428